00353nam a2200145 a 4500020001800000082001400018100001400032245002900046260004400075300000900119500003500128505001000163650002000173700001400193 a0300371 00a150bJUN3 aJung, C G aPsychology and Religion. aNew HavenbYale University Press c1938 a131p aincludes index and biblioraphy2 aIndex aPsychology-Jung1 aJung, C G